000 00454nam a2200181Ia 4500
005 20250508153154.0
008 008 250505s9999 xx 000 0 eng d
037 _aTextual
040 _aFEDL
_beng
_cFEDL
041 _aeng
_2eng
084 _a919, LEY
_qFEDL
100 _aLey Willy
245 0 _aPoles
260 _aNew York, USA
_bThe Incorporated
_c1962
300 _a190p.
942 _cTEXL
_h919, LEY
999 _c1341029
_d1341029